Phê bình, bình luận văn học
Shranjeno v:
| Format: | Knjiga |
|---|---|
| Jezik: | Undetermined |
| Izdano: |
Khánh Hòa
Nxb. Khánh Hòa
1993
|
| Teme: | |
| Oznake: |
Označite
Brez oznak, prvi označite!
|
| Thư viện lưu trữ: | Trung tâm Học liệu Trường Đại học Cần Thơ |
|---|
| LEADER | 00440nam a2200145Ia 4500 | ||
|---|---|---|---|
| 001 | CTU_46615 | ||
| 008 | 210402s9999 xx 000 0 und d | ||
| 082 | |a 809 | ||
| 082 | |b Ph250/T9/1993 | ||
| 245 | 0 | |a Phê bình, bình luận văn học | |
| 260 | |a Khánh Hòa | ||
| 260 | |b Nxb. Khánh Hòa | ||
| 260 | |c 1993 | ||
| 650 | |a vietnamese literature - history and criticism | ||
| 980 | |a Trung tâm Học liệu Trường Đại học Cần Thơ | ||